Pianeti del Sistema solare per Periodo di rivoluzione - Statistics

Statistiche generali
  • Questo quiz è stato fatto 19 volte
  • Il punteggio medio è 8 su 8
Statistiche sulle risposte
Periodo di rivoluzione Pianeta % Corretto
165 anni Nettuno
100%
84 anni Urano
100%
11,86 anni Giove
94%
687 giorni Marte
94%
29,45 anni Saturno
94%
365,3 giorni Terra
94%
225 giorni Venere
94%
88 giorni Mercurio
89%
Nessun quiz corrispondente trovato
Distribuzione punteggi
Percentuale di utenti per punteggio
Percentile per numero di risposta
I tuoi punteggi nel tempo
Non hai fatto questo quiz